[Event "Kemerovo-ch Seniors"]
[Site "Kemerovo"]
[Date "2008.05.16"]
[Round "4"]
[White "Tcherbitsky, Anatoly"]
[Black "Zimin, Ivan"]
[Result "0-1"]
[WhiteElo "1883"]
[BlackElo "2148"]
[PlyCount "61"]
[EventDate "2008.05.13"]
[EventType "tourn"]
[EventRounds "11"]
[EventCountry "RUS"]
[SourceTitle "EXT 2022"]
[Source "ChessBase"]
[SourceDate "2021.10.06"]
[SourceVersion "1"]
[SourceVersionDate "2021.10.06"]
[SourceQuality "1"]

1. e4 e6 2. d4 d5 3. exd5 exd5 4. Nf3 Nf6 5. Bd3 Be7 6. 0-0 Bg4 7. Be3 0-0 8. Nbd2 Nbd7 9. c3 b6 10. Rc1 c5 11. Re1 c4 12. Bb1 Bd6 13. Bg5 Qc7 14. h3 Bh5 15. Bf5 Rfe8 16. Qc2 Bg6 17. Bxg6 hxg6 18. g4 b5 19. b3 Rab8 20. b4 a5 21. a3 Ra8 22. Be3 Ne4 23. Rb1 f5 24. Nf1 axb4 25. axb4 Ra3 26. Bd2 fxg4 27. hxg4 Rf8 28. Rxe4 dxe4 29. Qxe4 Bf4 30. Qd5+ Kh8 31. Qxb5 0-1